Vlag-vormen van Landen #6 - Statistieken

Algemene statistieken
  • Deze quiz is 1.384 keer genomen
  • De gemiddelde score is 13 van 16
Antwoordstatistieken
Foto Antwoord % Correct
IJsland
98%
Zwitserland
98%
Polen
95%
Japan
93%
Vietnam
92%
Bosnië en Herzegovina
91%
Tunesië
88%
Cuba
87%
Ivoorkust
86%
Zuid-Korea
82%
Azerbeidzjan
78%
Mozambique
71%
Saint Lucia
67%
Gambia
65%
Dominica
58%
Vanuatu
46%
Geen overeenkomende quizzen gevonden
Scoreverdeling
Procent van Mensen met Elke Score
Percentiel versus Aantal Correcte Antwoorden
Uw Scoregeschiedenis
U heeft deze quiz nog niet genomen